000 00613nam a22001937a 4500
005 20251108175248.0
008 250721s2000 xx 000 0 ara d
020 _a9960244733
082 1 4 _a363.73/يوس
100 1 _aيوسف، حسين
245 1 0 _aالتلوث البيئي للغذاء وطرق الوقاية من الاصابة /
264 1 _aالرياض _ المملكة العربية السعودية :
_bدار المريخ للنشر،
_c2000.
300 _a266 ص.
650 1 7 _aالتلوث
650 1 7 _aالغذاء
650 1 7 _aالعلاج
942 _2ddc
_cBK
999 _c129989
_d129989